Statistiques concernant Trouver tous les adversaires de Conor McGregor a l’UFC

Cliquez ici pour prendre le quiz!

Statistiques générales

  • Ce quiz a été pris 113 fois
  • Le résultat moyen est 10 sur 15

Statistiques - réponses

HintRéponse% Correct
UFC 229Khabib Nurmagomedov
100%
UFC 178: Johnson vs. CariasoDustin Poirier
96%
UFC 257Dustin Poirier
96%
UFC 264Dustin Poirier
96%
UFC 194José Aldo
91%
UFC 196Nate Diaz
85%
UFC 202Nate Diaz
85%
UFC 303Michael Chandler
84%
UFC 205Eddie Alvarez
66%
UFC Fight Night: Shogun vs. SonnenMax Holloway
64%
UFC 246Donald Cerrone
63%
UFC 189Chad Mendes
46%
UFC Fight NightDenis Siver
13%
UFC on Fuel TV: Mousasi vs. LatifiMarcus Brimage
10%
UFC Fight Night: DublinDiego Brandão
8%

Distribution des résultats

Percentile par nombre de réponses

% des personnes avec chaque résultat

Votre développement - résultats

Vous n’avez pas pris ce quiz